00872 2200301 4500001002100000005001500021035002000036007000300056008004100059020002200100040002200122082001400144084001600158090001600174100001900190245006700209250004700276300003900323650002100362700002900383850001200412264003200424336002100456337003000477338002300507990002000530990002000550INLIS00000000085325820191127094815 a0010-1119000666ta191127s2018 jkia g ind d a978-602-250-512-9 aYOPDYOGbinderda04223a910.4 a910.4 HAM e a910.4 HAM e0 aHamkaepenulis10a4 bulan di Amerika /cpenulis, Hamka; penyunting, Jumi Haryani aCetakan pertama, Sya'ban 1439 H/Mei 2018 M aviii, 302 halaman :bfoto ;c21 cm 4aKisah perjalanan0 aJumi Haryaniepenyunting aYOPDYOG31aDepok :bGema Insani,c2018 2rdacontentateks 2rdamediaatanpa perantara 2rdacarrieravolume a64660-PD/A.2019 a64661-PD/A.2019